[Event "Torneo Zonale"]
[Site "La Vella AND"]
[Date "1987.03.??"]
[Round "?"]
[White "Antunes, Antonio"]
[Black "D'Amore, Carlo"]
[WhiteElo "2405"]
[BlackElo "2365"]
[Result "1/2-1/2"]
[PlyCount "137"]
[EventDate "1987.03.30"]

1. e4 g6 2. d4 Bg7 3. Nc3 d6 4. Be2 Nf6 5. Be3 c6 6. f4 Qa5 7. Bf3 e5 8. Nge2
Nbd7 9. O-O Nb6 10. b3 Ng4 11. Bd2 Qa3 12. Nb1 Qa6 13. Nc1 exf4 14. Be2 Bxd4+
15. Kh1 Nc4 16. Bxc4 Qb6 17. Bxf4 Bxa1 18. Bxf7+ Kf8 19. Nd3 Kg7 20. Nd2 Be5
21. Nc4 Qd4 22. Qf3 Bxf4 23. Qxf4 Rf8 24. Nxd6 Qe3 25. Ne8+ Rxe8 26. Bxe8 Qxf4
27. Rxf4 Nf6 28. Bf7 Kxf7 29. e5 Bf5 30. exf6 Bxd3 31. cxd3 Rd8 32. Rf3 Rd6 33.
g4 Rxf6 34. Rh3 Kg7 35. Kg2 Rd6 36. Re3 Kf6 37. Rh3 Rd7 38. Rf3+ Ke5 39. Kf2
Kd4 40. Ke2 Kc3 41. Re3 Kb2 42. Re4 Kxa2 43. Ra4+ Kxb3 44. Rxa7 Kc3 45. Ra3+
Kd4 46. Kd2 Rf7 47. Ra4+ Kd5 48. Ra5+ b5 49. Ke3 Re7+ 50. Kd2 Rf7 51. Ke3 Re7+
52. Kd2 g5 53. Ra8 Re6 54. Rc8 Kd4 55. Rd8+ Ke5 56. Ke3 c5 57. Rg8 Kd5+ 58. Kd2
Kd4 59. Rd8+ Ke5 60. Rc8 Rh6 61. Rxc5+ Kf4 62. Rxb5 Rxh2+ 63. Kc3 Kxg4 64. d4
Rh3+ 65. Kd2 Rf3 66. d5 Rf5 67. Rb4+ Kg3 68. Rd4 h5 69. d6 1/2-1/2

[Event "Torneo Zonale"]
[Site "La Vella AND"]
[Date "1987.03.??"]
[Round "?"]
[White "Antunes, Antonio"]
[Black "Mariotti, Sergio"]
[WhiteElo "2405"]
[BlackElo "2410"]
[Result "1-0"]
[PlyCount "69"]
[EventDate "1987.03.30"]

1. e4 e6 2. d3 c5 3. Nf3 Nc6 4. g3 d5 5. Nbd2 Nge7 6. Bg2 g6 7. O-O Bg7 8. Re1
O-O 9. e5 Qc7 10. Qe2 f6 11. exf6 Bxf6 12. Nf1 e5 13. Ne3 Be6 14. c4 d4 15. Nf1
Bf5 16. Ng5 b6 17. Ne4 Bg7 18. a3 a5 19. Qc2 Rae8 20. Bd2 h6 21. Reb1 Ra8 22.
b3 Nc8 23. Be1 Nd6 24. Nxd6 Qxd6 25. Nd2 Qd7 26. Ne4 Rf7 27. Ra2 Bg4 28. b4
axb4 29. axb4 Rxa2 30. Qxa2 Bf8 31. bxc5 bxc5 32. Qa8 Nd8 33. Rb5 Ne6 34. Nxc5
Nxc5 35. Rxc5 1-0

[Event "Torneo Zonale"]
[Site "La Vella AND"]
[Date "1987.03.??"]
[Round "?"]
[White "D'Amore, Carlo"]
[Black "Damaso Pereira De Almeida, Rui Miguel"]
[WhiteElo "2365"]
[BlackElo "2240"]
[Result "1-0"]
[PlyCount "39"]
[EventDate "1987.03.30"]

1. Nf3 g6 2. d4 Bg7 3. g3 Nf6 4. Bg2 O-O 5. O-O d6 6. b3 Nbd7 7. Bb2 e5 8. dxe5
Ng4 9. Nc3 Ngxe5 10. e4 Nc5 11. Nd4 c6 12. Kh1 Qb6 13. Rb1 Ncd3 14. cxd3 Qxd4
15. Nd5 Qxd3 16. Ne7+ Kh8 17. Bxe5 Qxd1 18. Bxg7+ Kxg7 19. Rbxd1 Bg4 20. f3 1-0

[Event "Torneo Zonale"]
[Site "La Vella AND"]
[Date "1987.03.??"]
[Round "?"]
[White "D'Amore, Carlo"]
[Black "Fernandes, Antonio M."]
[WhiteElo "2365"]
[BlackElo "2400"]
[Result "1-0"]
[PlyCount "57"]
[EventDate "1987.03.30"]

1. g3 f5 2. Bg2 Nf6 3. d4 g6 4. c4 Bg7 5. Nc3 O-O 6. Nf3 d6 7. O-O Nc6 8. d5
Ne5 9. Nxe5 dxe5 10. e4 f4 11. b4 g5 12. c5 h5 13. Bb2 h4 14. gxf4 h3 15. Bf3
exf4 16. e5 Nd7 17. e6 Ne5 18. Be4 f3 19. Kh1 Qe8 20. Rg1 Qh5 21. Rg3 c6 22.
Qc2 Rf4 23. Rag1 g4 24. Bc1 Rf8 25. Nd1 a5 26. Ne3 cxd5 27. Nxg4 dxe4 28. Nxe5
Qxe5 29. Bb2 1-0

[Event "Torneo Zonale"]
[Site "La Vella AND"]
[Date "1987.03.??"]
[Round "?"]
[White "D'Amore, Carlo"]
[Black "Garcia Paolicchi, Raul"]
[WhiteElo "2365"]
[BlackElo "2250"]
[Result "0-1"]
[PlyCount "79"]
[EventDate "1987.03.30"]

1. Nf3 g6 2. c4 Bg7 3. d4 d6 4. g3 Nd7 5. Bg2 Ngf6 6. Nc3 O-O 7. O-O e5 8. e4
c6 9. h3 Qb6 10. Re1 exd4 11. Nxd4 Ne8 12. Nc2 Nc5 13. Ne3 a5 14. Qc2 Nc7 15.
Rd1 Rd8 16. Rb1 N7a6 17. b3 Nb4 18. Qd2 Qc7 19. Bb2 Qe7 20. Ba1 Ne6 21. a3 Na6
22. b4 axb4 23. axb4 Nac7 24. h4 Nd4 25. Ncd5 cxd5 26. Bxd4 Bxd4 27. Qxd4 dxc4
28. e5 d5 29. Bxd5 Bh3 30. Qxc4 Nxd5 31. Rxd5 Rxd5 32. Qxd5 Re8 33. b5 Rd8 34.
Qe4 Be6 35. Rc1 Qa3 36. Rb1 Ba2 37. Rd1 Rxd1+ 38. Nxd1 Qc1 39. Qd4 Be6 40. Qd8+
0-1

[Event "Torneo Zonale"]
[Site "La Vella AND"]
[Date "1987.03.??"]
[Round "?"]
[White "D'Amore, Carlo"]
[Black "Magem Badals, Jordi"]
[WhiteElo "2365"]
[BlackElo "2425"]
[Result "1/2-1/2"]
[PlyCount "44"]
[EventDate "1987.03.30"]

1. Nf3 c5 2. g3 Nc6 3. Bg2 d5 4. O-O e5 5. d3 f6 6. c4 Nge7 7. cxd5 Nxd5 8. Nc3
Be6 9. Bd2 Qd7 10. a3 Be7 11. Nxd5 Bxd5 12. Qa4 a6 13. Be3 O-O 14. Rfc1 b5 15.
Qc2 Rfc8 16. Nd2 Nd8 17. Bxd5+ Qxd5 18. Qb3 Qxb3 19. Nxb3 Ne6 20. Rc2 Rc7 21.
a4 Rac8 22. axb5 axb5 1/2-1/2

[Event "Torneo Zonale"]
[Site "La Vella AND"]
[Date "1987.03.??"]
[Round "?"]
[White "D'Amore, Carlo"]
[Black "Tatai, Stefano"]
[WhiteElo "2365"]
[BlackElo "2425"]
[Result "1/2-1/2"]
[PlyCount "34"]
[EventDate "1987.03.30"]

1. g3 Nf6 2. Bg2 d5 3. Nf3 c6 4. O-O Bg4 5. b3 e6 6. Bb2 Nbd7 7. d3 a5 8. a3
Bc5 9. Nbd2 O-O 10. e4 b5 11. Qe1 Qb6 12. h3 Bh5 13. Kh2 Ne8 14. Ne5 Nxe5 15.
Bxe5 f6 16. Bb2 Nc7 17. f4 b4 1/2-1/2

[Event "Torneo Zonale"]
[Site "La Vella AND"]
[Date "1987.03.??"]
[Round "?"]
[White "Damaso Pereira De Almeida, Rui Miguel"]
[Black "Magalotti, Andrea"]
[WhiteElo "2240"]
[BlackElo "2205"]
[Result "1-0"]
[PlyCount "53"]
[EventDate "1987.03.30"]

1. e4 c5 2. Nc3 Nc6 3. g3 g6 4. Bg2 Bg7 5. d3 d6 6. f4 e6 7. Nf3 Nge7 8. O-O
O-O 9. Be3 Nd4 10. e5 Nef5 11. Bf2 Nxf3+ 12. Qxf3 Nd4 13. Qd1 f5 14. exf6 Qxf6
15. Ne4 Qe7 16. c3 Nc6 17. Qb3 Kh8 18. Rae1 e5 19. Qd5 exf4 20. Nxd6 Qc7 21.
Bxc5 f3 22. Rxf3 Rxf3 23. Re8+ Rf8 24. Nf7+ Qxf7 25. Qxf7 Be6 26. Rxf8+ Bxf8
27. Qf6+ 1-0

[Event "Torneo Zonale"]
[Site "La Vella AND"]
[Date "1987.03.??"]
[Round "?"]
[White "Damaso Pereira De Almeida, Rui Miguel"]
[Black "Tatai, Stefano"]
[WhiteElo "2240"]
[BlackElo "2425"]
[Result "0-1"]
[PlyCount "102"]
[EventDate "1987.03.30"]

1. e4 c5 2. c3 d5 3. exd5 Qxd5 4. d4 e6 5. Nf3 Nf6 6. Na3 Qd8 7. Bg5 Nbd7 8.
Nc2 Be7 9. dxc5 Nxc5 10. Qxd8+ Bxd8 11. Ne5 a6 12. f3 Bc7 13. Nd3 Nxd3+ 14.
Bxd3 Bd7 15. O-O-O h6 16. Bh4 O-O-O 17. Kb1 Kb8 18. c4 Bc8 19. Ne3 Rd4 20. Bf2
Rhd8 21. Kc2 R4d7 22. Be2 Rxd1 23. Rxd1 Rxd1 24. Bxd1 Bd7 25. g3 g5 26. b4 Ng8
27. Be2 f5 28. Nd1 Kc8 29. Nc3 Ne7 30. b5 Kd8 31. Bd4 Ke8 32. Bg7 Ng8 33. Bd4
Ne7 34. Bg7 Ng8 35. Bd4 Ne7 36. Bg7 h5 37. Bf6 g4 38. f4 Bb6 39. h3 Bf2 40.
hxg4 hxg4 41. Bxg4 fxg4 42. Ne4 Be1 43. Nd6+ Kf8 44. Nxb7 axb5 45. Nc5 Ke8 46.
cxb5 Bxb5 47. Nxe6 Kf7 48. Kd1 Bxg3 49. Ng5+ Kxf6 50. Ne4+ Kf5 51. Nxg3+ Kxf4
0-1

[Event "Torneo Zonale"]
[Site "La Vella AND"]
[Date "1987.03.??"]
[Round "?"]
[White "De La Villa Garcia, Jesus Maria"]
[Black "D'Amore, Carlo"]
[WhiteElo "2450"]
[BlackElo "2365"]
[Result "1/2-1/2"]
[PlyCount "92"]
[EventDate "1987.03.30"]

1. e4 e5 2. Nf3 Nc6 3. Bb5 Bc5 4. O-O Nd4 5. Nxd4 Bxd4 6. c3 Bb6 7. d4 c6 8.
Ba4 d6 9. Na3 Bc7 10. Qh5 Qf6 11. d5 Bd7 12. dxc6 bxc6 13. Nc4 Qg6 14. Qxg6
hxg6 15. Rd1 Ke7 16. Rd3 Rd8 17. b3 Ke6 18. Ba3 d5 19. Nd2 f5 20. exd5+ cxd5
21. Bxd7+ Rxd7 22. c4 d4 23. Re1 Nf6 24. g3 g5 25. Bc5 Bb6 26. Bxb6 axb6 27.
Nf3 Ne4 28. g4 Kf6 29. gxf5 Nc5 30. Nxe5 Nxd3 31. Nxd7+ Kxf5 32. Rd1 Nf4 33.
Nxb6 d3 34. c5 Re8 35. c6 d2 36. Kf1 Nd3 37. c7 Re1+ 38. Kg2 Nf4+ 39. Kg3 Nh5+
40. Kf3 g4+ 41. Kg2 Nf4+ 42. Kg3 Ne2+ 43. Kg2 Kg5 44. c8=Q Nf4+ 45. Kg3 Nh5+
46. Kg2 Nf4+ 1/2-1/2

[Event "Torneo Zonale"]
[Site "La Vella AND"]
[Date "1987.03.??"]
[Round "?"]
[White "De La Villa Garcia, Jesus Maria"]
[Black "Tatai, Stefano"]
[WhiteElo "2450"]
[BlackElo "2425"]
[Result "1-0"]
[PlyCount "69"]
[EventDate "1987.03.30"]

1. e4 c5 2. Nf3 g6 3. d4 Bg7 4. d5 d6 5. Nc3 Nf6 6. Be2 O-O 7. O-O Na6 8. Bf4
Nc7 9. a4 a6 10. Qd2 Bg4 11. h3 Bxf3 12. Bxf3 Nd7 13. Be2 b6 14. h4 Ne5 15. Bh6
Qd7 16. Bxg7 Kxg7 17. f4 Ng4 18. Bf3 f6 19. Qe2 Nh6 20. e5 fxe5 21. fxe5 Rf5
22. e6 Qe8 23. Qd2 Qf8 24. Be4 Rf6 25. Qe2 Nf5 26. Bxf5 Rxf5 27. g4 Rf4 28. Kg2
Kg8 29. Qe3 Rf6 30. Ne4 Rxf1 31. Rxf1 Qg7 32. Rf7 Qd4 33. Qxd4 cxd4 34. Nf6+
exf6 35. Rxc7 1-0

[Event "Torneo Zonale"]
[Site "La Vella AND"]
[Date "1987.03.??"]
[Round "?"]
[White "Garcia Paolicchi, Raul"]
[Black "Magalotti, Andrea"]
[WhiteElo "2250"]
[BlackElo "2205"]
[Result "1/2-1/2"]
[PlyCount "120"]
[EventDate "1987.03.30"]

1. d4 f5 2. h3 d6 3. c4 Nf6 4. Nf3 g6 5. g3 Bg7 6. Bg2 O-O 7. O-O Nc6 8. d5 Ne5
9. Qb3 Nfd7 10. Be3 Nxf3+ 11. Bxf3 e5 12. dxe6 Nf6 13. Nc3 Bxe6 14. Qxb7 Rb8
15. Qxa7 Rxb2 16. Nd5 Bxd5 17. cxd5 Ne4 18. Bxe4 fxe4 19. Rac1 Rf7 20. Rb1 c5
21. Qa6 Qb8 22. Rxb2 Qxb2 23. Qc4 Qb4 24. Qxb4 cxb4 25. Bf4 Bc3 26. Rb1 Ra7 27.
Bxd6 Rxa2 28. Bxb4 Bxb4 29. Rxb4 Rxe2 30. Rd4 Re1+ 31. Kg2 Kf7 32. h4 Ke7 33.
d6+ Kd7 34. g4 e3 35. f4 e2 36. Kf2 Rh1 37. Kxe2 Rxh4 38. Kf3 Rh3+ 39. Ke4 Rh1
40. Ke5 Re1+ 41. Kf6 Rf1 42. Kg5 Rg1 43. f5 gxf5 44. Kxf5 Rf1+ 45. Ke5 Rf2 46.
g5 Rg2 47. Kf6 Rf2+ 48. Kg7 Rg2 49. Rd5 Rh2 50. Rd4 Rh1 51. Kf6 Rf1+ 52. Kg7
Rh1 53. Rf4 Kxd6 54. Rf6+ Ke5 55. Rh6 Rg1 56. Rh5 Kf4 57. Kf6 Kg4 58. Rxh7 Rf1+
59. Kg6 Ra1 60. Kh6 Rh1+ 1/2-1/2

[Event "Torneo Zonale"]
[Site "La Vella AND"]
[Date "1987.03.??"]
[Round "?"]
[White "Garcia Paolicchi, Raul"]
[Black "Tatai, Stefano"]
[WhiteElo "2250"]
[BlackElo "2425"]
[Result "1/2-1/2"]
[PlyCount "64"]
[EventDate "1987.03.30"]

1. d4 Nf6 2. c4 g6 3. Nc3 Bg7 4. g3 O-O 5. Bg2 d6 6. Nf3 Nbd7 7. O-O e5 8. e4
c6 9. h3 Re8 10. Re1 a5 11. Be3 exd4 12. Nxd4 Nc5 13. Qc2 Qe7 14. Rad1 Bd7 15.
f3 h5 16. Nde2 Be6 17. b3 Red8 18. Nf4 Bd7 19. a3 Ne8 20. Rd2 h4 21. Red1 hxg3
22. Nce2 Be5 23. Nd3 Nxd3 24. Qxd3 Qh4 25. f4 Bf6 26. Bb6 Rdc8 27. Qxg3 a4 28.
Qxh4 Bxh4 29. b4 Be6 30. Rc1 Be7 31. Nd4 Ng7 32. Nxe6 fxe6 1/2-1/2

[Event "Torneo Zonale"]
[Site "La Vella AND"]
[Date "1987.03.??"]
[Round "?"]
[White "Izeta Txabarri, Felix"]
[Black "D'Amore, Carlo"]
[WhiteElo "2380"]
[BlackElo "2365"]
[Result "1-0"]
[PlyCount "68"]
[EventDate "1987.03.30"]

1. d4 Nf6 2. c4 c5 3. d5 e6 4. Nc3 exd5 5. cxd5 d6 6. Nf3 g6 7. Nd2 Bg7 8. e4
O-O 9. Be2 Na6 10. O-O Nc7 11. a4 Re8 12. f3 b6 13. Nc4 Ba6 14. Bg5 Qd7 15. Qd2
Bxc4 16. Bxc4 a6 17. Bb3 b5 18. Bc2 b4 19. Nd1 Rab8 20. Bb3 a5 21. Ne3 Rxe4 22.
Bxf6 Rxe3 23. Qxe3 Bxf6 24. Qd2 Re8 25. Rae1 Rxe1 26. Rxe1 Qf5 27. Re4 Bd4+ 28.
Kf1 Nxd5 29. Bxd5 Qxd5 30. g4 Qb3 31. Ke2 Qxa4 32. Re7 Bg7 33. Ra7 Qe8+ 34. Kf1
a4 1-0

[Event "Torneo Zonale"]
[Site "La Vella AND"]
[Date "1987.03.??"]
[Round "?"]
[White "Magalotti, Andrea"]
[Black "Antunes, Antonio"]
[WhiteElo "2205"]
[BlackElo "2405"]
[Result "0-1"]
[PlyCount "82"]
[EventDate "1987.03.30"]

1. e4 e5 2. f4 exf4 3. Nf3 d5 4. exd5 Nf6 5. Bb5+ c6 6. dxc6 bxc6 7. Bc4 Bd6 8.
O-O O-O 9. d4 Nbd7 10. c3 h6 11. Nbd2 Re8 12. Bd3 Nb6 13. Nc4 Nxc4 14. Bxc4 c5
15. Ne5 Bxe5 16. dxe5 Qxd1 17. Rxd1 Bg4 18. Re1 Nh5 19. h3 Bf5 20. Bd5 g5 21.
Bxa8 Rxa8 22. c4 Ng7 23. b3 Ne6 24. Ba3 a5 25. Red1 h5 26. Rac1 Kg7 27. Rd6 Rc8
28. Ra6 g4 29. Rd1 gxh3 30. gxh3 Ng5 31. Rxa5 Nxh3+ 32. Kh2 Nf2 33. Rd2 Ng4+
34. Kg1 h4 35. Rg2 Rd8 36. Rxg4+ Bxg4 37. Bxc5 Rd1+ 38. Kh2 Rd2+ 39. Kg1 h3 40.
Bf2 Bf3 41. Kh2 Rxf2+ 0-1

[Event "Torneo Zonale"]
[Site "La Vella AND"]
[Date "1987.03.??"]
[Round "?"]
[White "Magalotti, Andrea"]
[Black "D'Amore, Carlo"]
[WhiteElo "2205"]
[BlackElo "2365"]
[Result "0-1"]
[PlyCount "70"]
[EventDate "1987.03.30"]

1. Nf3 g6 2. g3 Bg7 3. Bg2 d6 4. c4 Nf6 5. Nc3 O-O 6. O-O c6 7. d3 e5 8. Rb1 a5
9. a3 h6 10. Bd2 Re8 11. Qc1 Kh7 12. e4 Na6 13. b4 axb4 14. axb4 Nc7 15. h3 d5
16. exd5 cxd5 17. Re1 d4 18. Ne4 Nxe4 19. Rxe4 g5 20. Nxg5+ hxg5 21. Bxg5 Qd6
22. Rh4+ Kg8 23. Bh6 Ra2 24. Bxg7 Kxg7 25. Be4 Qf6 26. Rb2 Rxb2 27. Qxb2 Ne6
28. Qe2 Ng5 29. f4 exf4 30. gxf4 Nxe4 31. Qh5 Qg6+ 32. Qxg6+ fxg6 33. dxe4 d3
34. Kf2 Rxe4 35. Kf3 Re8 0-1

[Event "Torneo Zonale"]
[Site "La Vella AND"]
[Date "1987.03.??"]
[Round "?"]
[White "Magalotti, Andrea"]
[Black "De La Villa Garcia, Jesus Maria"]
[WhiteElo "2205"]
[BlackElo "2450"]
[Result "0-1"]
[PlyCount "68"]
[EventDate "1987.03.30"]

1. e4 e6 2. d4 d5 3. Nd2 Nf6 4. e5 Nfd7 5. Bd3 c5 6. c3 Nc6 7. Ne2 cxd4 8. cxd4
f6 9. exf6 Nxf6 10. Nf3 Bd6 11. O-O O-O 12. Nc3 Qe8 13. Re1 Kh8 14. h3 Bd7 15.
Be3 Rd8 16. Rc1 Bb8 17. Bb1 Bc8 18. a3 a6 19. b4 Nh5 20. Qd3 g6 21. Bh6 Rf7 22.
Ne2 Qd7 23. Bc2 Qd6 24. g3 Kg8 25. Bd1 e5 26. dxe5 Nxe5 27. Nxe5 Qxe5 28. Qc3
Qf5 29. Qd4 Qxh3 30. Bb3 Nxg3 31. Bxd5 Nxe2+ 32. Rxe2 Bh2+ 33. Kh1 Be5+ 34. Kg1
Bxd4 0-1

[Event "Torneo Zonale"]
[Site "La Vella AND"]
[Date "1987.03.??"]
[Round "?"]
[White "Magalotti, Andrea"]
[Black "Mariotti, Sergio"]
[WhiteElo "2205"]
[BlackElo "2410"]
[Result "1/2-1/2"]
[PlyCount "26"]
[EventDate "1987.03.30"]

1. e4 e6 2. d4 d5 3. Nd2 Nf6 4. e5 Ng8 5. Bd3 b6 6. Ne2 Ne7 7. O-O Ba6 8. Bxa6
Nxa6 9. c3 Qd7 10. Nf4 g6 11. Nf3 h5 12. Nd3 Nf5 13. a4 c5 1/2-1/2

[Event "Torneo Zonale"]
[Site "La Vella AND"]
[Date "1987.03.??"]
[Round "?"]
[White "Magem Badals, Jordi"]
[Black "Magalotti, Andrea"]
[WhiteElo "2425"]
[BlackElo "2205"]
[Result "1-0"]
[PlyCount "91"]
[EventDate "1987.03.30"]

1. e4 c5 2. Nf3 Nc6 3. d4 cxd4 4. Nxd4 Nf6 5. Nc3 e5 6. Ndb5 d6 7. Bg5 a6 8.
Na3 b5 9. Nd5 Be7 10. Bxf6 Bxf6 11. g3 O-O 12. c3 Be6 13. Bg2 Ne7 14. Nxf6+
gxf6 15. O-O Ra7 16. Qh5 f5 17. f4 f6 18. fxe5 fxe5 19. Qg5+ Kh8 20. Nc2 Qe8
21. Rad1 Rd7 22. exf5 Nxf5 23. Bc6 Qd8 24. Qxd8 Rdxd8 25. Be4 d5 26. Bxf5 Bxf5
27. Nb4 Bh3 28. Rxf8+ Rxf8 29. Nxd5 Rd8 30. Ne3 Rxd1+ 31. Nxd1 Be6 32. a3 Kg7
33. Kf2 Kf6 34. Ke3 Kf5 35. Nf2 Bd5 36. Nd3 a5 37. h3 h5 38. g4+ hxg4 39. hxg4+
Kxg4 40. Nxe5+ Kf5 41. Kd4 Ke6 42. c4 bxc4 43. Nxc4 a4 44. Nb6 Bb3 45. Kc5 Ke5
46. Kb4 1-0

[Event "Torneo Zonale"]
[Site "La Vella AND"]
[Date "1987.03.??"]
[Round "?"]
[White "Magem Badals, Jordi"]
[Black "Tatai, Stefano"]
[WhiteElo "2425"]
[BlackElo "2425"]
[Result "1-0"]
[PlyCount "71"]
[EventDate "1987.03.30"]

1. e4 c5 2. Nf3 Nc6 3. d4 cxd4 4. Nxd4 g6 5. c4 Bg7 6. Be3 Nf6 7. Nc3 O-O 8.
Be2 b6 9. O-O Bb7 10. f3 Ne8 11. Qd2 Nc7 12. Rad1 Ne6 13. Nc2 d6 14. b3 Kh8 15.
f4 f5 16. exf5 gxf5 17. Bf3 Qd7 18. Rfe1 Ncd8 19. Bd5 Nc7 20. Bd4 e6 21. Bxb7
Nxb7 22. Bxg7+ Qxg7 23. Qd4 Rf6 24. Re3 Rg8 25. Rg3 Qe7 26. Rxg8+ Kxg8 27. Ne3
Rg6 28. b4 Qe8 29. a4 Qc6 30. Nb5 Nxb5 31. axb5 Qc7 32. Re1 Nd8 33. Re2 Nf7 34.
Nxf5 e5 35. Qd5 Qc8 36. Ne7+ 1-0

[Event "Torneo Zonale"]
[Site "La Vella AND"]
[Date "1987.03.??"]
[Round "?"]
[White "Mariotti, Sergio"]
[Black "Damaso Pereira De Almeida, Rui Miguel"]
[WhiteElo "2410"]
[BlackElo "2240"]
[Result "1-0"]
[PlyCount "63"]
[EventDate "1987.03.30"]

1. d4 Nf6 2. Nf3 g6 3. Bf4 Bg7 4. e3 O-O 5. Nbd2 d6 6. h3 Nbd7 7. Bh2 c5 8. c3
b6 9. a4 a6 10. Be2 Bb7 11. Qc2 Ra7 12. O-O Qa8 13. Rfd1 Ne4 14. Nc4 h6 15. a5
b5 16. Nb6 Qd8 17. d5 f5 18. Nh4 e5 19. Nxg6 Rf7 20. Nxd7 Qxd7 21. f3 Nf6 22.
c4 bxc4 23. Bxc4 Ra8 24. Qa4 f4 25. Qxd7 Nxd7 26. exf4 exf4 27. Nxf4 Bxb2 28.
Rab1 Ne5 29. Ba2 Bd4+ 30. Kh1 Re8 31. Ne6 Bc3 32. Rb6 1-0

[Event "Torneo Zonale"]
[Site "La Vella AND"]
[Date "1987.03.??"]
[Round "?"]
[White "Mariotti, Sergio"]
[Black "Fernandes, Antonio M."]
[WhiteElo "2410"]
[BlackElo "2400"]
[Result "1-0"]
[PlyCount "97"]
[EventDate "1987.03.30"]

1. d4 Nf6 2. Nf3 e6 3. g3 b5 4. Bg2 Bb7 5. c3 Be7 6. Bg5 O-O 7. Qd3 a6 8. Bxf6
Bxf6 9. Ng5 Bxg5 10. Bxb7 Ra7 11. Bg2 d5 12. a4 c6 13. O-O Qb6 14. h4 Bh6 15.
e3 Nd7 16. Nd2 f5 17. b3 e5 18. dxe5 Nxe5 19. Qd4 Qxd4 20. cxd4 Ng4 21. Nf3 Rb8
22. Bh3 bxa4 23. bxa4 g6 24. Bxg4 fxg4 25. Ne5 Rc7 26. Rab1 Rbc8 27. Rb6 a5 28.
Rc1 Bg7 29. Nd3 Bf8 30. Ne5 Bg7 31. Nd3 Bf8 32. Ra6 c5 33. dxc5 Bxc5 34. Rxa5
Bb6 35. Rxc7 Rxc7 36. Rxd5 Ra7 37. Rb5 Bc7 38. Rb4 h5 39. Kf1 Kf7 40. Ke2 Ba5
41. Rc4 Rb7 42. Rc5 Bd8 43. a5 Rb3 44. Ne5+ Kf6 45. Nc6 Bc7 46. a6 Ra3 47. Nd4
Bd6 48. Rc6 Ke7 49. Nb5 1-0

[Event "Torneo Zonale"]
[Site "La Vella AND"]
[Date "1987.03.??"]
[Round "?"]
[White "Mariotti, Sergio"]
[Black "Garcia Paolicchi, Raul"]
[WhiteElo "2410"]
[BlackElo "2250"]
[Result "1-0"]
[PlyCount "69"]
[EventDate "1987.03.30"]

1. Nf3 Nf6 2. c4 d6 3. d4 Nbd7 4. Nc3 e5 5. e4 g6 6. b3 exd4 7. Nxd4 Bg7 8. Bb2
O-O 9. Be2 Nc5 10. f3 Nh5 11. g3 Bh6 12. Bc1 Bxc1 13. Rxc1 c6 14. Qd2 Bh3 15.
Kf2 Qf6 16. Rhd1 Rad8 17. f4 Rfe8 18. Bf3 Qg7 19. b4 Ne6 20. Bxh5 Nxd4 21. Qxd4
gxh5 22. e5 Bg4 23. Rd2 Bf5 24. exd6 Qg6 25. c5 Re6 26. Re2 Rxe2+ 27. Nxe2 Re8
28. Rc3 Qg4 29. Re3 Rxe3 30. Qxe3 Be6 31. Nd4 Bd7 32. Qe2 Qh3 33. Kg1 h6 34.
Qf3 f6 35. f5 1-0

[Event "Torneo Zonale"]
[Site "La Vella AND"]
[Date "1987.03.??"]
[Round "?"]
[White "Mariotti, Sergio"]
[Black "Magem Badals, Jordi"]
[WhiteElo "2410"]
[BlackElo "2425"]
[Result "0-1"]
[PlyCount "84"]
[EventDate "1987.03.30"]

1. e4 c6 2. d4 d5 3. exd5 cxd5 4. c4 Nf6 5. c5 Nc6 6. Bb5 e5 7. Nc3 exd4 8.
Qxd4 Be7 9. Nge2 O-O 10. Bxc6 bxc6 11. Bg5 h6 12. Bh4 a5 13. a3 Nd7 14. Bxe7
Qxe7 15. Rc1 Ba6 16. O-O Qxc5 17. Rfd1 Rfe8 18. Na4 Qd6 19. Ng3 Qe5 20. Qd2 Bb5
21. Re1 Qg5 22. Qc2 Rab8 23. Nc3 Bc4 24. Rxe8+ Rxe8 25. Nce4 Qf4 26. Qc3 Qe5
27. Qd2 Nf6 28. Nc5 Rb8 29. Na4 Qg5 30. f4 Qg4 31. Nc3 h5 32. Nd1 Bb5 33. Nf2
Qd7 34. Qc2 a4 35. Nf5 d4 36. Qc5 Rd8 37. Nxg7 Qd5 38. Nf5 Qxc5 39. Rxc5 d3 40.
Ne3 d2 41. Nfd1 Be2 42. Rxc6 Ng4 0-1

[Event "Torneo Zonale"]
[Site "La Vella AND"]
[Date "1987.03.??"]
[Round "?"]
[White "Romero Holmes, Alfonso"]
[Black "Magalotti, Andrea"]
[WhiteElo "2440"]
[BlackElo "2205"]
[Result "1-0"]
[PlyCount "47"]
[EventDate "1987.03.30"]

1. d4 d5 2. Bg5 c6 3. Nc3 Nd7 4. Nf3 Ngf6 5. e3 Qa5 6. Bd3 Ne4 7. O-O Nxc3 8.
Qd2 e5 9. dxe5 Bb4 10. e6 Ne4 11. exd7+ Bxd7 12. Qe2 Bg4 13. Bf4 O-O 14. c3 Be7
15. Qc2 Bf5 16. Nd2 Nxd2 17. Bxf5 Nxf1 18. Bxh7+ Kh8 19. Qf5 g5 20. Be5+ f6 21.
Qg6 fxe5 22. Bg8 Rf7 23. Bxf7 Bf8 24. Qg8# 1-0

[Event "Torneo Zonale"]
[Site "La Vella AND"]
[Date "1987.03.??"]
[Round "?"]
[White "Romero Holmes, Alfonso"]
[Black "Mariotti, Sergio"]
[WhiteElo "2440"]
[BlackElo "2410"]
[Result "0-1"]
[PlyCount "68"]
[EventDate "1987.03.30"]

1. e4 e6 2. d4 d5 3. Nc3 Bb4 4. exd5 exd5 5. Bd3 c6 6. Qf3 Qh4 7. Bf4 Ne7 8. a3
Bxc3+ 9. bxc3 Be6 10. Rb1 b6 11. Qe3 Qg4 12. Nf3 Nf5 13. Bxf5 Qxf5 14. O-O O-O
15. Ne1 Nd7 16. Nd3 Rac8 17. f3 Rfe8 18. Qf2 c5 19. Be3 c4 20. Nf4 Nf8 21. Rb5
Ng6 22. Nxg6 Qxg6 23. Bf4 f6 24. Re1 Qf7 25. g4 Qd7 26. Rb4 Kf7 27. h3 h5 28.
Kg2 g5 29. Bg3 hxg4 30. hxg4 Bxg4 31. fxg4 Rxe1 32. Qxe1 Qxg4 33. Qf2 Re8 34.
Rb5 Re2 0-1

[Event "Torneo Zonale"]
[Site "La Vella AND"]
[Date "1987.03.??"]
[Round "?"]
[White "Tatai, Stefano"]
[Black "Antunes, Antonio"]
[WhiteElo "2425"]
[BlackElo "2405"]
[Result "1/2-1/2"]
[PlyCount "57"]
[EventDate "1987.03.30"]

1. d4 d5 2. c4 e6 3. Nc3 c6 4. Nf3 dxc4 5. e3 b5 6. a4 Bb4 7. Bd2 a5 8. axb5
Bxc3 9. Bxc3 cxb5 10. b3 Bb7 11. bxc4 b4 12. Bb2 Nf6 13. c5 O-O 14. Bb5 Nc6 15.
O-O Qd5 16. Qe2 Ne4 17. Rfc1 Qh5 18. Ra4 f5 19. Ne1 Qxe2 20. Bxe2 Ba6 21. Bxa6
Rxa6 22. Nd3 Rd8 23. f3 Nf6 24. Kf1 Kf7 25. Ke2 Raa8 26. Rca1 Nd7 27. Nc1 Ra6
28. Nb3 Nf6 29. Bc1 1/2-1/2

[Event "Torneo Zonale"]
[Site "La Vella AND"]
[Date "1987.03.??"]
[Round "?"]
[White "Tatai, Stefano"]
[Black "Izeta Txabarri, Felix"]
[WhiteElo "2425"]
[BlackElo "2380"]
[Result "1-0"]
[PlyCount "125"]
[EventDate "1987.03.30"]

1. d4 Nf6 2. Nf3 c5 3. g3 cxd4 4. Nxd4 d5 5. Bg2 e5 6. Nb3 Nc6 7. Bg5 Be6 8.
O-O Be7 9. e3 Qd7 10. Nc3 O-O-O 11. Qe2 Bh3 12. Rad1 Bxg2 13. Kxg2 Qe6 14. Bxf6
gxf6 15. Qf3 e4 16. Qh5 f5 17. Ne2 Qg6 18. Nf4 Qxh5 19. Nxh5 Rd7 20. c3 Bg5 21.
Nd4 Nxd4 22. Rxd4 Kc7 23. Rfd1 Rhd8 24. h4 Be7 25. R4d2 Kc6 26. Kf1 Bf8 27. Nf6
Rd6 28. Nxh7 Bh6 29. Ng5 Bxg5 30. hxg5 b5 31. b3 Kc5 32. Rd4 Rg6 33. Ke2 Rxg5
34. c4 bxc4 35. bxc4 Rg6 36. Rxd5+ Rxd5 37. Rxd5+ Kxc4 38. Ra5 a6 39. Rxf5 Rb6
40. Ra5 Kb4 41. Re5 Ka3 42. Rxe4 Kxa2 43. Rf4 f6 44. Rf5 Kb3 45. g4 Kb4 46. Kd3
Rc6 47. g5 fxg5 48. Rxg5 a5 49. Rg8 Ra6 50. Rb8+ Kc5 51. Kc3 a4 52. Kb2 Rf6 53.
Rc8+ Kb4 54. Rc2 Rd6 55. e4 Re6 56. Re2 Kc4 57. e5 Kd4 58. f4 Kd3 59. Re1 Kd4
60. Ka3 Kd5 61. Rd1+ Ke4 62. Rd6 Re8 63. Rf6 1-0

[Event "Torneo Zonale"]
[Site "La Vella AND"]
[Date "1987.03.??"]
[Round "?"]
[White "Tatai, Stefano"]
[Black "Magalotti, Andrea"]
[WhiteElo "2425"]
[BlackElo "2205"]
[Result "1-0"]
[PlyCount "79"]
[EventDate "1987.03.30"]

1. d4 d5 2. c4 e6 3. Nc3 Nf6 4. Bg5 Be7 5. e3 O-O 6. Nf3 Nbd7 7. Rc1 c6 8. Bd3
dxc4 9. Bxc4 b6 10. O-O Bb7 11. Qe2 Nd5 12. Bxe7 Qxe7 13. Nxd5 cxd5 14. Ba6 Nf6
15. Rc2 Rfc8 16. Rfc1 Rxc2 17. Rxc2 Ne8 18. Ne5 f6 19. Nc6 Qc7 20. Bxb7 Qxb7
21. e4 dxe4 22. Qxe4 Rc8 23. Ne7+ Kf8 24. Qxb7 Rxc2 25. g3 Rc7 26. Qe4 Rxe7 27.
Qxh7 Rd7 28. Qe4 Kf7 29. h4 Rd5 30. g4 Nd6 31. Qd3 Kf8 32. h5 Ke7 33. f4 Ra5
34. a3 Rb5 35. Qc2 Nc8 36. Kf2 Rd5 37. Ke3 a5 38. Qc6 Rd6 39. Qb7+ Kf8 40. a4
1-0